=LDR 00000nam 2200000 4500 =001 INLIS000000000018241 =005 20130612113425 =008 ***********************************Ind** =035 ##$$0010-061300000018241 =041 ##$$a Ind =082 ##$$a 636.597 =090 ##$$a 636.597, Mus b =100 ##$$a Muslim, Dudung Abdul =245 ##$$a Budidaya mina itik, Dudung Abdul Muslim =260 ##$$a 1992 $b Yogyakarta =300 ##$$a 83 hlm, ilus, 21 cm =650 ##$$a Itik-Budidaya =850 ##$$a NBPNMAT